Federal Reserve's first monetary policy report for 2003 : hearing before the Committee on Banking, Housing,and Urban Affairs, United States Senate, One Hundred Eighth Congress, first session, on oversight on the monetary policy report to Congress pursuant to the Full Employment and Balanced Growth Act of 1978, February 11, 2003.

Bibliographic Details
Corporate Author: United States. Congress. Senate. Committee on Banking, Housing, and Urban Affairs
Format: Government Document Book
Language:English
Published: Washington : U.S. G.P.O. : 2004.
Series:S. hrg. ; 108-232
Subjects:
Online Access:https://purl.fdlp.gov/GPO/LPS44015

MARC

Tag First Indicator Second Indicator Subfields
LEADER 00000cam a2200000 a 4500
001 in00001817153
005 20211202201233.0
008 040212s2004 dcua f000 0 eng c
020 |a 0160711797 
035 |a (OCoLC)ocm54438753 
037 |a 552-070-30749-4  |b GPO 
040 |a GPO  |c GPO  |d DLC  |d MvI  |d UtOrBLW 
042 |a pcc 
043 |a n-us--- 
049 |a UDOC 
049 |a WWW 
074 |a 1035-C 
074 |a 1035-C (online) 
074 |a 1035-D (MF) 
074 |a 1035-D (online) 
086 0 |a Y 4.B 22/3:S.HRG.108-232 
110 1 |a United States.  |b Congress.  |b Senate.  |b Committee on Banking, Housing, and Urban Affairs. 
245 1 0 |a Federal Reserve's first monetary policy report for 2003 :  |b hearing before the Committee on Banking, Housing,and Urban Affairs, United States Senate, One Hundred Eighth Congress, first session, on oversight on the monetary policy report to Congress pursuant to the Full Employment and Balanced Growth Act of 1978, February 11, 2003. 
264 1 |a Washington :  |b U.S. G.P.O. :  |c 2004. 
264 2 |a Washington :  |b For sale by the Supt. of Docs., U.S. G.P.O., 
300 |a iii, 102 pages :  |b illustrations ;  |c 24 cm. 
336 |a text  |b txt  |2 rdacontent 
337 |a unmediated  |b n  |2 rdamedia 
338 |a volume  |b nc  |2 rdacarrier 
490 1 |a S. hrg. ;  |v 108-232 
500 |a Distributed to some depository libraries in microfiche. 
500 |a Shipping list number: 2004-0082-P. 
500 |a Shipping List Date: 02/10/2004 
530 |a Also available via Internet from the GPO Access web site. Address as of 2/18/04: http://frwebgate.access.gpo.gov/cgi-bin/getdoc.cgi?dbname=108%5Fsenate%5Fhearings&docid=f:90930.pdf; current access is available via PURL. 
650 0 |a Monetary policy  |z United States. 
651 0 |a United States  |x Economic conditions  |y 2001-2009. 
610 2 0 |a Board of Governors of the Federal Reserve System (U.S.) 
810 1 |a United States.  |b Congress.  |b Senate.  |t S. hrg. ;  |v 108-232. 
856 4 1 |u https://purl.fdlp.gov/GPO/LPS44015  |t 0 
999 |a MARS 
999 f f |s a4883238-8a12-3686-aacf-78cf50452081  |i 89698ed4-abfb-30f9-9860-7b03d18070df  |t 0 
952 f f |a Texas A&M University  |b College Station  |c Electronic Resources  |d Available Online  |t 0  |e Y 4.B 22/3:S.HRG.108-232  |h Superintendent of Documents classification 
998 f f |a Y 4.B 22/3:S.HRG.108-232  |t 0  |l Available Online